000 00240nam a2200097Ia 4500
005 20251222114344.0
008 251222s1900||||xx |||||||||||||| ||spa||
082 _aDVD0070/W67C/2002
245 0 _aConstruyendo la vida:Life as a House
942 _cDVD
999 _c989
_d989